000 00649nam a2200217Ia 4500
003 GCL
008 140319s9999 xx 000 0 ara d
040 _aGCL /
_cGCL
082 0 4 _a301
_bف م
100 1 _aفهمى سليم الغزوى
245 1 0 _aالمدخل الى علم الاجتماع /
_cفهمى سليم الغزوى
260 _a[S.N] :
_bدار الشروق ،
_c1992
300 _a435 ص
490 _a
650 0 4 _aالمجتمع
650 0 4 _aالاجتماع
650 0 4 _aالتغير الاجتماعى
650 0 4 _aالبناء الاجتماعى
650 0 4 _aالنظم الاجتماعية
942 _2ddc
_cBK
999 _c58543
_d58543